[Event "African Individual Chess Championship"]
[Site "Tripolis"]
[Date "2009.07.21"]
[Round "1.3"]
[White "Wageih, Kareim"]
[Black "Rizouk, Aimen"]
[Result "1/2-1/2"]
[WhiteElo "2253"]
[BlackElo "2501"]
[EventDate "2009.07.21"]
[PlyCount "67"]
[EventType "swiss"]
[EventRounds "9"]
[EventCountry "LBY"]
[SourceDate "2009.07.21"]

1.d4 Nf6 2.Nf3 e6 3.e3 b6 4.Bd3 Bb7 5.c4 d5 6.O-O Nbd7 7.b3 Bd6 8.Bb2 Ne4 
9.cxd5 N exd5 10.Ne5 O-O 11.Nd2 Qe7 12.Nxd7 Qxd7 13.Qc2 Rfe8 14.Rac1 Re6 
15.Bxe4 dxe4 16.Nc4 Rg6 17.Nxd6 cxd6 18.Kh1 Qg4 19.Rg1 Rh6 20.Rge1 Rf8 21.
Qe2 Qh4 22.h3 Bc8 23.Qf1 Be6 24.Rc7 Rf6 25.Kg1 Rg6 26.Kh2 Ra8 27.Rec1 h6 
28.Ba3 Qh5 29.R7c6 d5 30.Be7 Kh7 31.Rc7 Bf5 32.R7c6 Be6 33.Rc7 Bf5 34.R7c6
1/2-1/2

[Event "African Individual Chess Championship"]
[Site "Tripolis"]
[Date "2009.07.21"]
[Round "1.4"]
[White "El Gindy, Essam"]
[Black "El Kamel, Adel Mahmoud"]
[Result "1-0"]
[WhiteElo "2501"]
[BlackElo "2239"]
[EventDate "2009.07.21"]
[PlyCount "57"]
[EventType "swiss"]
[EventRounds "9"]
[EventCountry "LBY"]
[SourceDate "2009.07.21"]

1.d4 Nf6 2.c4 e6 3.Nf3 Bb4+ 4.Bd2 Qe7 5.g3 Nc6 6.Nc3 Bxc3 7.Bxc3 Ne4 8.Rc1
O-O 9.Bg2 d6 10.O-O Nxc3 11.Rxc3 e5 12.d5 Nb8 13.b4 a5 14.Ra3 Bg4 15.Nd2 
Nd7 16.Rxa5 Rxa5 17.bxa5 f5 18.Nb3 e4 N 19.f3 Bh5 20.fxe4 fxe4 21.Rxf8+ 
Kxf8 22.Nd4 Nc5 23.Qf1+ Bf7 24.Qf4 Kg8 25.Bh3 g5 26.Qf5 {Diagram #} 26...
Kg7 27.Qc8 Qf6 28.Nf5+ Kg6 29.Qf8 1-0

[Event "African Individual Chess Championship"]
[Site "Tripolis"]
[Date "2009.07.21"]
[Round "1.5"]
[White "Nyazi, Nehad"]
[Black "Simutowe, Amon"]
[Result "0-1"]
[WhiteElo "2237"]
[BlackElo "2481"]
[EventDate "2009.07.21"]
[PlyCount "48"]
[EventType "swiss"]
[EventRounds "9"]
[EventCountry "LBY"]
[SourceDate "2009.07.21"]

1.d4 Nf6 2.c4 c6 3.Nc3 d5 4.e3 e6 5.Nf3 Nbd7 6.Bd3 Be7 7.O-O O-O 8.e4 dxe4
9.Nxe4 b6 10.Qe2 Bb7 11.Bg5 Re8 12.Rad1 N Nxe4 13.Bxe7 Qxe7 14.Qxe4 Nf6 
15.Qh4 c5 16.Rfe1 Bxf3 17.gxf3 cxd4 18.Qxd4 Nh5 19.Re5 g6 20.Qg4 Kh8 21.
Kh1 Rad8 22.f4 Qf6 23.Rxh5 gxh5 24.Qxh5 h6 0-1

[Event "African Individual Chess Championship"]
[Site "Tripolis"]
[Date "2009.07.21"]
[Round "1.17"]
[White "Ghattour, Mosab"]
[Black "Kaabi, Mejdi"]
[Result "0-1"]
[WhiteElo "2008"]
[BlackElo "2313"]
[EventDate "2009.07.21"]
[PlyCount "114"]
[EventType "swiss"]
[EventRounds "9"]
[EventCountry "LBY"]
[SourceDate "2009.07.21"]

1.e4 c5 2.Nf3 a6 3.c3 e6 4.d4 d5 5.e5 Qb6 6.Qb3 Qxb3 7.axb3 Nc6 8.dxc5 
Bxc5 9.b4 Bb6 10.b5 Nb8 11.Nbd2 Nd7 12.c4 Ne7 13.b4 dxc4 14.Nxc4 Nd5 15.
Nd6+ Ke7 16.Bd2 Bc7 17.Nc4 Rb8 18.bxa6 bxa6 19.Nd4 Bb7 20.f4 f6 21.f5 Bxe5
22.Nxe5 Nxe5 23.Nxe6 Bc8 24.Be2 Bxe6 25.fxe6 Nxb4 26.O-O Rhd8 27.Bxb4+ 
Rxb4 28.Rxa6 Rb2 29.Re1 g5 30.Bf1 h5 31.Rc1 Rb7 32.Be2 g4 33.h3 Rd6 34.
hxg4 hxg4 35.Ra4 f5 36.Rf4 Rb2 37.Bf1 Kxe6 38.Rf2 Rxf2 39.Kxf2 f4 40.Be2 
Nd3+ 41.Bxd3 Rxd3 42.Ke2 Re3+ 43.Kf2 g3+ 44.Kf1 Kf5 45.Rc8 Re5 46.Rf8+ Ke4
47.Ke2 Re6 48.Ra8 Kf5+ 49.Kf1 Rg6 50.Re8 Kg4 51.Re7 Rg8 52.Ke2 Rg5 53.Re8 
Rg7 54.Re5 Rg8 55.Re6 f3+ 56.Kf1 f2 57.Ra6 Rh8 0-1

[Event "African Individual Chess Championship"]
[Site "Tripolis"]
[Date "2009.07.22"]
[Round "2.16"]
[White "Shabash, Abdullatief Mohamed"]
[Black "Ghattour, Mosab"]
[Result "1/2-1/2"]
[WhiteElo "2193"]
[BlackElo "2008"]
[EventDate "2009.07.21"]
[PlyCount "122"]
[EventType "swiss"]
[EventRounds "9"]
[EventCountry "LBY"]
[SourceDate "2009.07.21"]

1.e4 c5 2.Nf3 Nc6 3.Nc3 Nf6 4.d4 cxd4 5.Nxd4 e5 6.Nxc6 bxc6 7.Bc4 Bb4 8.
O-O O-O 9.Qd3 Qe7 10.a3 Bxc3 11.bxc3 d6 12.Bg5 h6 13.Bxf6 Qxf6 14.Rad1 Rd8
15.Qe3 g5 16.Rd3 Be6 17.Bxe6 Qxe6 18.Qd2 Rd7 19.Qe2 Rad8 20.h4 Qg6 21.Rg3 
Kg7 22.Qe3 f6 23.f4 exf4 24.Rxf4 Re7 25.hxg5 hxg5 26.Rfg4 Kf8 27.Qd4 Rdd7 
28.Rf4 Re5 29.Rxf6+ Qxf6 30.Rf3 Ke7 31.Rxf6 Kxf6 32.Qc4 c5 33.Qd3 d5 34.
Qb5 Rde7 35.exd5 Rxd5 36.Qc6+ Ke5 37.c4 Rd1+ 38.Kh2 Re1 39.Qxc5+ Kf6 40.
Qd6+ R1e6 41.Qd4+ Kf7 42.c5 Rc7 43.Qd5 Kf6 44.g4 Rec6 45.Qf5+ Kg7 46.Qxg5+
Kh8 47.Qd8+ Kg7 48.Kg3 Rxc5 49.Kh4 Rxc2 50.Qd4+ Kg8 51.Qd5+ Kg7 52.Qe5+ 
Kg8 53.g5 R2c4+ 54.Kh5 Rh7+ 55.Kg6 Rc6+ 56.Kf5 Rf7+ 57.Kg4 Rc4+ 58.Kg3 
Rfc7 59.Qe6+ Kg7 60.Qf6+ Kg8 61.Qg6+ Kh8 1/2-1/2

[Event "African Individual Chess Championship"]
[Site "Tripolis"]
[Date "2009.07.24"]
[Round "3.16"]
[White "Ghattour, Mosab"]
[Black "Nyazi, Nehad"]
[Result "1/2-1/2"]
[WhiteElo "2008"]
[BlackElo "2237"]
[EventDate "2009.07.21"]
[PlyCount "121"]
[EventType "swiss"]
[EventRounds "9"]
[EventCountry "LBY"]
[SourceDate "2009.07.21"]

1.e4 c6 2.d4 d5 3.e5 Bf5 4.Nc3 e6 5.g4 Bg6 6.Nge2 c5 7.Be3 cxd4 8.Nxd4 Bb4
9.Bg2 Ne7 10.Qd2 h5 11.h3 Nbc6 12.f4 Rc8 13.O-O hxg4 14.hxg4 Nxd4 15.Bxd4 
Nc6 16.a3 Ba5 17.Bf2 d4 18.f5 dxc3 19.Qxd8+ Rxd8 20.fxg6 fxg6 21.b4 Bb6 
22.Bxb6 axb6 23.Rf3 Rh4 24.Raf1 Rxg4 25.Rf8+ Kd7 26.R8f7+ Kc8 27.Rxg7 Rd2 
28.Rf8+ Nd8 29.Rf2 Rgd4 30.Rxg6 Rxf2 31.Kxf2 Rd2+ 32.Ke3 Rxc2 33.Kd3 Rc1 
34.Bh3 Kd7 35.Rg7+ Kc6 36.Kc4 b5+ 37.Kb3 Re1 38.Rg8 Nf7 39.Bg2+ Kb6 40.Rg7
Nd8 41.Kxc3 Rxe5 42.Bf1 Nc6 43.Rd7 Re3+ 44.Kb2 e5 45.Rd6 Re1 46.Bd3 Re3 
47.Bf1 Kc7 48.Rd5 Nd4 49.Bxb5 Nxb5 50.Rxb5 b6 51.Rd5 Kc6 52.Rd8 Kb5 53.Rd6
e4 54.Re6 Re2+ 55.Kb3 Re3+ 56.Kb2 Re1 57.Kb3 Re3+ 58.Kb2 Kc4 59.Rc6+ Kb5 
60.Re6 Re1 61.Re5+ 1/2-1/2

[Event "African Individual Chess Championship"]
[Site "Tripolis"]
[Date "2009.07.24"]
[Round "4.12"]
[White "Frhat, Ali"]
[Black "Ghattour, Mosab"]
[Result "1-0"]
[WhiteElo "2397"]
[BlackElo "2008"]
[EventDate "2009.07.21"]
[PlyCount "79"]
[EventType "swiss"]
[EventRounds "9"]
[EventCountry "LBY"]
[SourceDate "2009.07.21"]

1.e4 Nf6 2.e5 Nd5 3.d4 d6 4.Nf3 Bg4 5.Be2 Nc6 6.O-O e6 7.c4 Nb6 8.exd6 
cxd6 9.d5 exd5 10.cxd5 Bxf3 11.Bxf3 Ne5 12.Be2 Be7 13.a4 Nbd7 14.a5 O-O 
15.a6 bxa6 16.Rxa6 Nc5 17.Ra3 a5 18.Nc3 Qd7 19.f4 Ng6 20.Bb5 Qf5 21.Be3 
Rfb8 22.Qe2 Bf8 23.Qf3 Be7 24.Ra2 Nh4 25.Qe2 Bf6 26.Re1 h5 27.Qf1 Qg6 28.
Bc6 Ra7 29.Ne4 Rxb2 30.Rxb2 Bxb2 31.Nxc5 dxc5 32.Bxc5 Rc7 33.Bb6 Rxc6 34.
dxc6 Qxc6 35.Bf2 Nf5 36.Qe2 Qf6 37.Qxh5 Ne7 38.Qxa5 Nc6 39.Re8+ Kh7 40.
Qh5+ 1-0

[Event "African Individual Chess Championship"]
[Site "Tripolis"]
[Date "2009.07.25"]
[Round "5.15"]
[White "Ghattour, Mosab"]
[Black "Ranaivoharisoa, Alain"]
[Result "0-1"]
[WhiteElo "2008"]
[BlackElo "2083"]
[EventDate "2009.07.21"]
[PlyCount "64"]
[EventType "swiss"]
[EventRounds "9"]
[EventCountry "LBY"]
[SourceDate "2009.07.21"]

1.e4 c5 2.Nf3 d6 3.d4 cxd4 4.Nxd4 Nf6 5.Nc3 a6 6.Be3 e6 7.Be2 Be7 8.O-O 
O-O 9.f4 Qc7 10.Bf3 Nc6 11.Kh1 Re8 12.Qe1 Nxd4 13.Bxd4 e5 14.Be3 exf4 15.
Bxf4 Be6 16.Qg3 Nd7 17.Bg4 Ne5 18.Bf5 Bf8 19.Rae1 b5 20.a3 Rab8 21.Qh4 g6 
22.Bh3 Bg7 23.Bh6 Bh8 24.Rf2 b4 25.axb4 Rxb4 26.Ref1 Rbb8 27.Bxe6 fxe6 28.
Ne2 Bg7 29.Nd4 Bxh6 30.Qxh6 Qc4 31.Qd2 Rf8 32.b3 Qxf1+ 0-1

[Event "African Individual Chess Championship"]
[Site "Tripolis"]
[Date "2009.07.27"]
[Round "6.2"]
[White "Amin, Bassem"]
[Black "Ezat, Mohamed"]
[Result "1-0"]
[WhiteElo "2551"]
[BlackElo "2459"]
[EventDate "2009.07.21"]
[PlyCount "4"]
[EventType "swiss"]
[EventRounds "9"]
[EventCountry "LBY"]
[SourceDate "2009.07.21"]

1.e4 c6 2.d4 d6 
    ( 2...d5 3.exd5 cxd5 4.c4 Nf6 5.Nc3 g6 6.Qb3 Bg7 7.cxd5 Nh5 
        ( 7...O-O 8.Be2 Na6 9.Bf3 Qb6 10.Nge2 Qxb3 11.axb3 Nb4 12.O-O Rd8 
        13.Ra5 h6 14.h3 g5 15.g4 a6 16.Bg2 b6 17.d6 Ra7 18.Ra4 a5 19.Rd1 
        exd6 20.d5 Re7 
            ( 20...Rdd7 )
        21.Nd4 Bb7 22.Nf5 Bf8 23.Be3 Rxe3 24.Nxe3 Nd7 25.Ne4 Ne5 26.Bf1 
        Ng6 27.Raa1 Nf4 28.Rac1 Bg7 29.Rc7 Ba8 30.Nxd6 Nbxd5 31.Nxd5 Nxd5 
        32.Nb7 
            ( 32.Nxf7 Nxc7 33.Rxd8+ Bf8 34.Rc8 Bb7 35.Rxc7 Be4 36.Bc4 Bg6 
            37.Rc6 )
        32...Nxc7 33.Rxd8+ Bf8 34.Rc8 Bxb7 35.Rxc7 Be4 36.Bc4 Bg6 37.Rc6 
        Kg7 38.Rxb6 h5 39.Rb5 hxg4 40.hxg4 Bb4 41.Rxg5 Kf6 42.Rd5 Be4 43.
        Rd7 Kg5 44.Bxf7 Bc5 45.Bd5 Bb1 46.Bf3 Bb4 47.Kg2 Bc2 48.Bd1 Be4+ 
        49.Kg3 Bc6 50.f4+ Kf6 51.g5+ Kf5 52.Rf7+ )
    )
1-0

[Event "African Individual Chess Championship"]
[Site "Tripolis"]
[Date "2009.07.29"]
[Round "7.16"]
[White "Ghattour, Mosab"]
[Black "Obiamiwe, Paul"]
[Result "1-0"]
[WhiteElo "2008"]
[BlackElo "2043"]
[EventDate "2009.07.21"]
[PlyCount "87"]
[EventType "swiss"]
[EventRounds "9"]
[EventCountry "LBY"]
[SourceDate "2009.07.21"]

1.e4 c5 2.Nf3 d6 3.d4 cxd4 4.Nxd4 Nf6 5.Nc3 a6 6.Be3 Ng4 7.Bg5 h6 8.Bh4 g5
9.Bg3 Bg7 10.Be2 h5 11.Bxg4 Bxg4 12.f3 Bd7 13.Bf2 Nc6 14.Qd2 Ne5 15.O-O 
Bh6 16.Qe2 b5 17.a3 Rb8 18.Nf5 Bxf5 19.exf5 Qc8 20.Nd5 Qc6 21.Rad1 Rc8 22.
Nb4 Qc4 23.Qxc4 Rxc4 24.f6 a5 25.Nd5 e6 26.Ne3 Rc6 27.Bg3 g4 28.f4 Nc4 29.
Nxc4 bxc4 30.Be1 a4 31.Bb4 d5 32.Rfe1 Kd7 33.f5 Bf8 34.fxe6+ fxe6 35.Bc3 
Bc5+ 36.Kh1 Bd6 37.Rf1 Bf8 38.Rf4 Rh7 39.h3 Rc8 40.Kg1 Bc5+ 41.Kf1 gxh3 
42.gxh3 Rf7 43.Rxc4 Rg8 44.Rxa4 1-0

[Event "African Individual Chess Championship"]
[Site "Tripolis"]
[Date "2009.07.29"]
[Round "8.13"]
[White "Ghattour, Mosab"]
[Black "Wageih, Kareim"]
[Result "0-1"]
[WhiteElo "2008"]
[BlackElo "2253"]
[EventDate "2009.07.21"]
[PlyCount "65"]
[EventType "swiss"]
[EventRounds "9"]
[EventCountry "LBY"]
[SourceDate "2009.07.21"]

1.e4 c5 2.Nf3 e6 3.d4 cxd4 4.Nxd4 Nc6 5.Nc3 Qc7 6.Be3 a6 7.Be2 Nf6 8.O-O 
b5 9.a3 Bb7 10.f4 Bc5 11.b4 Bb6 12.Kh1 Nxd4 13.Bxd4 Nxe4 14.Nxe4 Bxe4 15.
Bf3 Bxf3 16.Qxf3 O-O 17.Rad1 Bxd4 18.Rxd4 g6 19.Qd3 d5 20.f5 gxf5 21.g4 f4
22.Rdxf4 Rac8 23.R1f2 Qc3 24.Qf1 Rc7 25.R4f3 Qg7 26.Qh3 Rfc8 27.Qh5 Qg6 
28.Qe5 Rxc2 29.Rxc2 Qxc2 30.h4 Qd1+ 31.Kg2 Rc2+ 32.Kg3 Qg1+ 33.Kf4 0-1

[Event "African Individual Chess Championship"]
[Site "Tripolis"]
[Date "2009.07.30"]
[Round "9.13"]
[White "Solomons, Deon"]
[Black "Ghattour, Mosab"]
[Result "0-1"]
[WhiteElo "2210"]
[BlackElo "2008"]
[EventDate "2009.07.21"]
[PlyCount "61"]
[EventType "swiss"]
[EventRounds "9"]
[EventCountry "LBY"]
[SourceDate "2009.07.21"]

1.c4 c5 2.Nc3 Nf6 3.e4 Nc6 4.g3 e5 5.Bg2 d6 6.d3 Bg4 7.f3 Bd7 8.Bg5 h6 9.
Bxf6 Qxf6 10.Nd5 Qd8 11.Ne2 h5 12.h3 Be7 13.O-O Rb8 14.f4 Bf6 15.Nxf6+ 
Qxf6 16.f5 Qg5 17.Rf3 b5 18.b3 a5 19.Kh2 b4 20.a4 f6 21.Qc1 Qxc1 22.Rxc1 
Rh7 23.Rcf1 Ke7 24.R3f2 Rg8 25.Bf3 Rgh8 26.Rg2 Kf8 27.Rfg1 Be8 28.Rf2 Ke7 
29.Rfg2 Kf8 30.Rf2 Ke7 31.Rfg2 0-1